000 00541nam a2200169 4500
001 112605
003 ES-MaACL
005 20230906185553.0
007 t|
008 061121s1967 sp r ||||1| spa d
100 1 _aNieto, Alfonso.
_985649
245 1 3 _aEl concepto de empresa periodística /
_cAlfonso Nieto.
260 _aPamplona :
_bUniversidad de Navarra. Instituto de Periodismo,
_c1967.
300 _a87 p. ;
_c23 cm.
710 2 _aUniversidad de Navarra.
_bInstituto de Periodismo.
_97257
852 _aES-MaACL
_jC-47953
_bR.64601
999 _c112605
_d112605